00501 a2200169 450000100060000002000180000604000220002410000210004624000460006724500410011330000080015436200090016265000230017194200070019495201130020199900170031461919 a9788506052525 cAnchieta - Pituba aZillgens, Gerlis10aAmores em cena numa noite de verãolpor10aAmores em cena numa noite de verão a2030 a2008 4aLiteratura juvenil cBK 00104070a91.1b91.1d2023-11-21l0oLJ 028.5 Z69a ZIL AMOp14248/PITr2023-11-21 18:30:13w2023-11-21yBK c61919d61919